Moje želva a já : [s přílohami na rozkládacích stránkách] /

Hlavní autor: Wilke, Hartmut, 1943-
Další autoři: Steimer, Christine, Holzner, Renate, Linke-Grün, Gabriele
Jazyk: Čeština
Vydáno: Praha : Jan Vašut, 2006
Vydání: České vyd. 1.
Edice: Máme rádi zvířata
Témata:
Fyzický popis: 64 s. : barev. il. ; 20 cm
Knihy
Uloženo v:
LEADER 01986nam a2200541 a 4500
001 nkc20061653686
003 CZ PrNK
005 20110718124603.0
007 ta
008 060426s2006 xr a c f 001 0 cze d
015 |a cnb001653686 
020 |a 80-7236-446-4  |q (brož.) 
035 |a (OCoLC)85722430 
040 |a KLG001  |b cze  |d BOA001  |d ABA001 
041 1 |a cze  |h ger 
072 7 |a 636  |x Chov zvířat. Živočišná výroba  |2 Konspekt  |9 24 
072 7 |a 0/9-053.2  |x Literatura pro děti a mládež (naučná)  |2 Konspekt  |9 26 
080 |a 636.98:598.132.4  |2 MRF 
080 |a 636.08  |2 MRF 
080 |a (035)  |2 MRF 
080 |a (0.053.2)  |2 MRF 
100 1 |a Wilke, Hartmut,  |d 1943-  |7 xx0022104  |4 aut 
245 1 0 |a Moje želva a já :  |b [s přílohami na rozkládacích stránkách] /  |c Hartmut Wilke ; fotografie Christine Steimerová ; kresby Renate Holznerová ; příběhy Gabriele Linkeová-Grünová 
246 3 0 |a Želva a já 
250 |a České vyd. 1. 
260 |a Praha :  |b Jan Vašut,  |c 2006 
300 |a 64 s. :  |b barev. il. ;  |c 20 cm 
490 1 |a Máme rádi zvířata 
500 |a Přeloženo z němčiny 
504 |a Obsahuje rejstřík 
650 0 7 |a želvy  |7 ph127960  |2 czenas 
650 0 7 |a chov domácích zvířat  |7 ph119200  |2 czenas 
650 0 9 |a turtles  |2 eczenas 
650 0 9 |a keeping of domestic animals  |2 eczenas 
655 7 |a příručky  |7 fd133209  |2 czenas 
655 7 |a publikace pro děti  |7 fd133156  |2 czenas 
655 9 |a handbooks and manuals  |2 eczenas 
655 9 |a children's literature  |2 eczenas 
700 1 |a Steimer, Christine  |7 xx0017758  |4 pht 
700 1 |a Holzner, Renate  |7 jn20000810205  |4 ill 
700 1 |a Linke-Grün, Gabriele  |7 mzk2006337428  |4 aut 
765 0 |t Meine Schildkröte und ich  |9 Česky 
830 0 |a Máme rádi zvířata  |0 s 
910 2 |a BOA001  |b 2-1169.700 
990 |a BK 
995 |a 01 
991 |b 200605 
996 6 |b 2610279652  |c 2-1169.700  |l MZK  |r Sklad / do 1 hodiny  |n 5  |p p.v.  |w 000817645  |u 000010  |a 1  |e BOA001  |j MZK50  |s P